| 000 | 00498nam a2200193Ia 4500 | ||
|---|---|---|---|
| 005 | 20240823013818.0 | ||
| 008 | 240823s9999||||xx |||||||||||||| ||und|| | ||
| 020 | _a81-7008-311-7 | ||
| 041 | _aENGLISH | ||
| 082 | _A620.106 P5 | ||
| 100 | _aBansal R K | ||
| 245 | 0 | _aFluid Mechanics and Hydraulic Machines : S I Units | |
| 250 | _a9th | ||
| 260 |
_c2005 _b"Laxmi,New " _aNew Delhi |
||
| 500 | _aYES | ||
| 650 |
_aFluid Mechanics _bAeronautical Engineering |
||
| 942 | _cBK | ||
| 999 |
_c168292 _d168292 |
||